000 00820nam a2200193 a 4500
001 58880
005 20180714055635.0
008 140415s2001 mx 000 0 spa d
020 _a9684371810
041 _aspa
082 _a291.433
_bMUÑ
100 1 _aMUÑOZ, HECTOR
245 1 0 _aORACIONES PARA VIVIR LA MISA
250 _a3a ed.
260 _aMEXICO :
_bPAULINAS,
_c2001
300 _a269
_c11.3 x 0.8 x 17
520 _aLA CELEBRACION DE LA MISA, COMO ACCION DE CRISTO Y DEL PUEBLO DE DIOS, ES EL CENTRO DE TODA LA VIDA CRISTIANA PARA LA IGLESIA UNIVERSAL Y LOCAL, Y PARA TODOS LOS FIELES INDIVIDUALMENTE. LA MISA ES EL MAYOR MOMENTO DE ORACION DEL PUEBLO DE DIOS. CELEBRANDO LA MISA ORAMOS COMO EN NINGUNA OTRA OCASION LO PODRIAMOS LOGRAR.
650 1 4 _aMEDITACIONES
_xORACIONES
_xSANTA MISA
999 _c58880
_d58880